| 000 | 00383nam a2200169Ia 4500 | ||
|---|---|---|---|
| 005 | 20250514023706.0 | ||
| 008 | 240331s9999 xx 000 0 und d | ||
| 020 | _a9558156736 | ||
| 082 |
_bMUR _a170 |
||
| 100 | _aMurthi,M | ||
| 245 | 0 | _aNangi wethatai | |
| 250 | _a3rd | ||
| 260 |
_aPannipitiya _bStamford lake _c2002 |
||
| 300 | _a133 p ., | ||
| 650 | _aShort Story | ||
| 942 | _cL | ||
| 999 |
_c1362 _d1362 |
||